NUEVAYoL - Bad Bunny - Statistiques

Statistiques générales
  • Ce quiz a été pris 168 fois
  • Le résultat moyen est 148 sur 368
Statistiques - réponses
Réponse % Correct
nueva
96%
y
95%
yo
93%
si
91%
91%
te
87%
quieres
83%
divertir
82%
en
78%
un
78%
con
77%
pr
77%
que
77%
qué
77%
solo
77%
york
77%
verano
72%
tienes
71%
de
70%
a
68%
vivir
66%
encanto
56%
no
56%
primor
56%
julio
54%
el
52%
july
50%
4
49%
es
49%
mi
45%
of
37%
37%
como
36%
cómo
36%
hay
36%
lo
36%
se
35%
bunny
34%
la
34%
bad
33%
fourth
32%
dónde
31%
me
31%
ando
29%
va
29%
eh
28%
ey
28%
pop
26%
por
25%
del
24%
dembow
24%
rey
24%
blanco
23%
las
22%
los
22%
ser
22%
bronx
21%
prima
21%
rico
21%
borracha
19%
esto
19%
frida
19%
puerto
19%
ratito
19%
más
18%
pero
18%
rulay
18%
malo
17%
frío
16%
in
16%
mejor
16%
rosita
16%
casa
15%
colón
15%
míos
15%
también
15%
washington
15%
dicen
14%
este
14%
evita
14%
nadie
14%
perico
14%
saben
14%
the
14%
willie
14%
le
13%
shot
13%
siente
13%
best
12%
cerquita
12%
cuida
12%
bueno
11%
cañita
11%
confundas
11%
flow
11%
mami
11%
mover
11%
nada
11%
world
11%
estás
10%
high
10%
nos
10%
porque
10%
quita
10%
toñita
10%
tusi
10%
años
9%
buena
9%
estoy
9%
heights
9%
kahlo
9%
palo
9%
cuadro
8%
escuche
8%
number
8%
tengo
8%
ay
7%
discos
7%
james
7%
nota
7%
one
7%
pasan
7%
reguetón
7%
siento
7%
bond
6%
campeonato
6%
cien
6%
cuando
6%
dando
6%
nací
6%
okay
6%
piquete
6%
sigo
6%
vendiendo
6%
ya
6%
big
5%
cuidado
5%
lápiz
5%
mía
5%
pingpong
5%
shh
5%
fue
4%
huelo
4%
otra
4%
dough
3%
lado
3%
nació
3%
silenciador
3%
vamos
3%
adversarios
2%
capea
2%
mismo
2%
pesado
2%
robamos
2%
vez
2%
correr
1%
estadio
1%
gatas
1%
juan
1%
mets
1%
pun
1%
sacamos
1%
soto
1%
yankees
1%
Aucun quiz correspondant
Distribution des résultats
% des personnes avec chaque résultat
Percentile par nombre de réponses
Votre historique - résultats
Vous n’avez pas pris ce quiz